Catálogo
Digital

Catálogo
Digital

Sociología de las migraciones. Perspectiva iberoamericana (Record no. 13609)

MARC details
000 -CABECERA
campo de control de longitud fija 02336nam a2200361 4500
003 - IDENTIFICADOR DEL NÚMERO DE CONTROL
campo de control EC-UNACH
005 - FECHA Y HORA DE LA ÚLTIMA TRANSACCIÓN
campo de control 20250625162904.0
006 - CÓDIGOS DE INFORMACIÓN DE LONGITUD FIJA--CARACTERÍSTICAS DEL MATERIAL ADICIONAL
campo de control de longitud fija s||||gr|||| 00| 00
008 - DATOS DE LONGITUD FIJA--INFORMACIÓN GENERAL
campo de control de longitud fija 150116t9999 mx r gr 000 0 spa d
020 ## - NÚMERO INTERNACIONAL ESTÁNDAR DEL LIBRO
Número Internacional Estándar del Libro 9789978109298
040 ## - FUENTE DE LA CATALOGACIÓN
Centro catalogador/agencia de origen EC-UNACH
Centro/agencia transcriptor EC-UNACH
041 ## - CÓDIGO DE LENGUA
Código de lengua del texto/banda sonora o título independiente spa
082 04 - NÚMERO DE LA CLASIFICACIÓN DECIMAL DEWEY
Número de edición 23
Número de clasificación 304.8
Número de documento/Ítem L017821
110 ## - ENTRADA PRINCIPAL--NOMBRE DE ENTIDAD CORPORATIVA
Nombre de entidad corporativa o nombre de jurisdicción como elemento de entrada Universidad Politécnica Salesiana (UPS)
245 ## - MENCIÓN DE TÍTULO
Título Sociología de las migraciones. Perspectiva iberoamericana
250 ## - MENCIÓN DE EDICIÓN
Mención de edición Primera edición
264 ## - Producción, publicación, distribución, fabricación y copyright
Lugar de producción, publicación, distribución, fabricación Cuenca - Ecuador
Nombre del de productor, editor, distribuidor, fabricante UPS / ABDA YALA
Fecha de de producción, publicación, distribución, fabricación o copyright 2023
300 ## - DESCRIPCIÓN FÍSICA
Extensión 296 páginas
Otras características físicas Tablas, Figuras
Dimensiones 15 X 21 cm
505 ## - NOTA DE CONTENIDO CON FORMATO
Nota de contenido con formato Introducción -- CAPÍTULO 1. Construcción de políticas públicas asociadas a la migración venezolana en Colombia: caso Arauca -- CAPÍTULO 2. Lucro humanitario, supervivencia y migración en el sur global -- CAPÍTULO 3. ¿Migrantes virtuales? La comunidad de Papers, Please a través de internet -- CAPÍTULO 4. La movilidad humana: desafíos para el planeamiento educativo -- CAPÍTULO 5. Migración y el sistema de bienestar mínimo en la región -- CAPÍTULO 6. La constitución del espacio social por la migración estudiantil: una mirada a partir de los estudiantes brasileños en Portugal -- CAPÍTULO 7. Encuadres mediáticos en debate sobre la Ley de Migración y Extranjería (2018-2021) -- CAPÍTULO 8. Asertividad y valoración de Encuadres mediáticos en debate sobre la Ley de Migración y Extranjería (2018-2021) -- CAPÍTULO 8. Asertividad y valoración de la diversidad en migraciones nacionales y globales -- CAPÍTULO 9. La discriminación laboral en los Estados Unidos: el caso de los hispanos/latinos -- CAPÍTULO 10. Narrativas de crisis migratoria: odio y securitización en la frontera EUA-México -- CAPÍTULO 11. Dinámicas migratorias y transformaciones urbanas en una ciudad intermedia de Argentina.
650 ## - PUNTO DE ACCESO ADICIONAL DE MATERIA--TÉRMINO DE MATERIA
Término de materia o nombre geográfico como elemento inicial COLOMBIA
650 ## - PUNTO DE ACCESO ADICIONAL DE MATERIA--TÉRMINO DE MATERIA
Término de materia o nombre geográfico como elemento inicial MIGRACIÓN VENEZOLANA
650 ## - PUNTO DE ACCESO ADICIONAL DE MATERIA--TÉRMINO DE MATERIA
Término de materia o nombre geográfico como elemento inicial ¿MIGRANTES VIRTUALES?
650 ## - PUNTO DE ACCESO ADICIONAL DE MATERIA--TÉRMINO DE MATERIA
Término de materia o nombre geográfico como elemento inicial DIVERSIDAD EN MIGRACIONES
650 ## - PUNTO DE ACCESO ADICIONAL DE MATERIA--TÉRMINO DE MATERIA
Término de materia o nombre geográfico como elemento inicial TRANSFORMACIONES URBANAS
653 ## - TÉRMINO DE INDIZACIÓN--NO CONTROLADO
Término no controlado James Loucky
700 ## - PUNTO DE ACCESO ADICIONAL--NOMBRE DE PERSONA
Nombre de persona Toukoumidis-Torres Ángel
700 ## - PUNTO DE ACCESO ADICIONAL--NOMBRE DE PERSONA
Nombre de persona Chiguano Pallo Moises
700 ## - PUNTO DE ACCESO ADICIONAL--NOMBRE DE PERSONA
Nombre de persona Carmona Javiera
942 ## - ELEMENTOS DE PUNTO DE ACCESO ADICIONAL (KOHA)
Fuente del sistema de clasificación o colocación Clasificación Decimal Dewey
Tipo de ítem Koha Libros
999 ## - NÚMEROS DE CONTROL DE SISTEMA (KOHA)
Koha biblionumber 13609
Holdings
Estado de pérdida Fuente del sistema de clasificación o colocación Estado dañado No para préstamo Localización permanente Ubicación/localización actual Ubicación en estantería Fecha de adquisición Fuente de adquisición Número de inventario Total de préstamos Signatura topográfica completa Código de barras Fecha visto por última vez Número de copia Precio válido a partir de Tipo de ítem Koha Centro de costos
  Clasificación Decimal Dewey     Biblioteca Campus Norte Biblioteca Campus Norte Economía 25/06/2025 Donación de UPS 39897988   304.8 UNI L017821 L017821 25/06/2025 Ej. 01 25/06/2025 Libros  
  Clasificación Decimal Dewey     Biblioteca Campus Norte Biblioteca Campus Norte Economía 25/06/2025 Donación de UPS 39897989   304.8 UNI L017822 L017822 25/06/2025 Ej. 02 25/06/2025 Libros  

Powered by Koha